[Event "QCD-Prof Lim Kok Ann GM 2018"]
[Site "Singapore"]
[Date "2018.06.10"]
[Round "6"]
[White "Gareyev, Timur"]
[Black "Sukandar, Irine Kharisma"]
[Result "0-1"]
[WhiteElo "2611"]
[BlackElo "2396"]
[Annotator "TA"]
[PlyCount "87"]
[EventDate "2018.06.12"]
[EventType "tourn"]
[SourceTitle "playchess.com"]
[Source "ChessBase"]
[SourceQuality "1"]

{[%evp 9,87,-26,31,21,25,22,111,95,277,208,204,256,225,201,196,217,210,194,266,185,230,216,457,448,456,424,427,390,493,405,407,410,575,571,1363,1135,2832,2095,1616,649,957,993,972,955,961,635,858,822,1073,871,29988,29989,29987,-317,-251,-304,-295,-271,-280,-280,-280,-273,-273,-273,-273,-318,-309,-429,-354,-352,-345,-277,-277,-285,-253,-455,-419,-800,-727,-29989]} 1. e4 e5 2. f4 exf4 3. Nf3 Ne7 4. Qe2 (4. Bb5 c6 5. Ba4 d5 6. Qe2 d4 7. Bb3 Ng6 8. Qc4 Qe7 9. Qxd4 c5 10. Qd3 Nc6 11. O-O Be6 {0-1 (30) Svidler,P (2762)-Bacrot,E (2702) Porto Vecchio 2016}) 4... Nbc6 5. d4 {[%cal Bd2d4,Bd4d5][%mdl 32]} d5 ({Black should try} 5... Ng6 $11) 6. exd5 $14 {C34: King's Gambit Accepted: 3 Nf3: 3...Nf6 and 3...d6} Qxd5 7. Nc3 Qf5 $146 (7... Qa5 $11 {remains equal.}) ({Predecessor:} 7... Qa5 8. Bxf4 Be6 9. Qb5 O-O-O 10. Qxa5 Nxa5 11. Ng5 Nac6 12. Nxe6 fxe6 {½-½ (33) Tarmak,M (2060)-Dard,M (2127) LSS email 2013}) 8. d5 $1 $16 {[%cal Rd5c6][%mdl 1024] White is better. White has strong compensation.} Nb8 $2 (8... Nb4 $16 {is a better defense.} 9. Qb5+ Nec6) 9. Nb5 Kd8 10. d6 Nd5 11. Nfd4 Qf6 12. dxc7+ Nxc7 13. Bd2 $40 {[%mdl 128] White is out for blood.} Nxb5 (13... f3 {keeps fighting.} 14. Qxf3 (14. Nxf3 Qxb2 15. Rd1 Bd7 $18) 14... Qxf3 15. Nxf3 Nxb5) 14. Nxb5 {Hoping for 0-0-0.} Bd7 {[#]} 15. O-O-O $1 Bc5 $2 (15... Nc6 16. Bc3 Qe6) 16. Qc4 $18 Na6 17. Bxf4 Rc8 {intending ...Be3+.} 18. Kb1 Rc6 19. Be2 Qe6 20. Nd4 Bxd4 (20... Qxc4 $142 21. Nxc6+ (21. Bxc4 Bxd4 22. Rxd4 Nc7 $18) 21... bxc6 22. Bxc4 Nc7 23. Bxf7 Kc8) 21. Qxd4 Rb6 22. Bc4 Qc6 23. Qxg7 Re8 24. Qxf7 (24. Bxf7 $142 Qb5 25. Bxe8 Qxb2+ 26. Qxb2 Kxe8 27. Rhe1+ Kd8 28. Re5 Rxb2+ 29. Kxb2) 24... Nc5 25. Rhe1 {[%csl Gf7][%cal Re1e8]} Ne4 26. Bb3 Kc8 27. Qxh7 a5 28. Ka1 Rb4 29. a3 a4 30. Bd5 Qf6 31. Bxb7+ $4 {[%mdl 8192]} (31. axb4 {mates} Qxf4 {[#]} 32. Bxb7+ $1 {[%mdl 512]} Kxb7 33. Qxd7+ Qc7 34. Qb5+ Qb6 35. Rd7+ Kc8 36. Qxb6) 31... Rxb7 $19 {[%csl Gb7][%cal Rf6b2]} 32. Bc1 Bg4 $1 {[%csl LRd1,LRh7]} 33. Rxe4 Rxh7 34. Rxe8+ Kc7 35. Rde1 Bd7 36. R8e4 Rh4 37. R4e3 Rc4 ({Weaker is} 37... Rxh2 38. Rf3 $11) 38. c3 Qg6 39. g3 Kc6 40. Re7 Qc2 41. Bf4 Rc5 {Threatens to win with ...Rd5.} ({Not} 41... Qxh2 42. Rd1 $17) 42. Rc1 $2 (42. c4) 42... Qb3 43. Rce1 (43. Re3 $142 Qc4 44. Rce1) 43... Rd5 {aiming for ...Rd1+.} 44. c4 {Precision: White = 48%, Black = 32%.} 0-1

[Event "QCD-Prof Lim Kok Ann GM 2018"]
[Site "Singapore"]
[Date "2018.06.10"]
[Round "6"]
[White "Goh, Wei Ming Kevin"]
[Black "Nguyen, Anh Dung"]
[Result "1/2-1/2"]
[WhiteElo "2477"]
[BlackElo "2465"]
[Annotator "TA"]
[PlyCount "44"]
[EventDate "2018.06.12"]
[EventType "tourn"]
[SourceTitle "playchess.com"]
[Source "ChessBase"]
[SourceQuality "1"]

{[%evp 16,44,18,19,33,16,14,19,18,16,19,19,19,19,34,19,8,21,25,14,19,18,7,18,16,22,4,-4,-18,-11,-7]} 1. e4 c5 2. Nf3 Nc6 3. Bb5 e6 4. O-O Nge7 5. Re1 a6 6. Bf1 d5 7. exd5 Nxd5 8. d4 Nf6 9. Be3 Be7 {B30: Sicilian: 2...Nc6 3 Bb5, lines without ...g6} (9... Nd5 10. Bg5 f6 11. c4 Nde7 12. d5 fxg5 13. dxc6 Qxd1 14. Rxd1 Nxc6 15. Nxg5 Nd4 16. Nc3 Be7 17. Nge4 {½-½ (63) Melkumyan,H (2654)-Lenic,L (2662) chess.com INT 2018}) 10. c4 O-O 11. Nc3 cxd4 12. Nxd4 Bd7 13. a3 Qc7 14. b4 Rfd8 15. Qe2 Bd6 16. g3 Be5 17. Nxc6 Bxc6 {[#]The position is equal.} 18. Bb6 $146 {[%mdl 512]} Qxb6 19. Qxe5 Qd4 20. Qxd4 Rxd4 21. a4 g5 22. h3 h5 {Precision: White = 60%, Black = 85%.} 1/2-1/2

[Event "QCD-Prof Lim Kok Ann GM 2018"]
[Site "Singapore"]
[Date "2018.06.10"]
[Round "6"]
[White "Tin, Jingyao"]
[Black "Batchuluun, Tsegmed"]
[Result "1/2-1/2"]
[WhiteElo "2445"]
[BlackElo "2561"]
[Annotator "TA"]
[PlyCount "91"]
[EventDate "2018.06.12"]
[EventType "tourn"]
[SourceTitle "playchess.com"]
[Source "ChessBase"]
[SourceQuality "1"]

{[%evp 36,91,0,0,0,-10,0,0,12,0,6,0,-8,-13,-6,-10,0,-44,-29,-83,0,0,0,0,0,0,0,0,21,4,6,0,0,0,0,0,0,0,0,0,0,0,0,0,0,0,0,0,0,0,0,0,0,0,0,-2,0,-5]} 1. d4 Nf6 2. c4 e6 3. Nc3 Bb4 4. e3 O-O 5. Bd3 c5 6. Nf3 d5 7. O-O dxc4 8. Bxc4 cxd4 9. exd4 b6 10. Bg5 Bb7 11. Qe2 Bxc3 12. bxc3 Nbd7 13. Rac1 Qc7 14. Bd3 h6 {E54: Nimzo-Indian: Rubinstein: Main Line: 7...dxc4 8 Bxc4} 15. Bd2 Ng4 16. Be4 Bxe4 17. Qxe4 Ngf6 18. Qe2 Rac8 19. c4 {LiveBook: 6 Games} Qb7 (19... Rfd8 20. a4 Qb7 21. Rfe1 Qa6 22. a5 bxa5 23. c5 Qxe2 24. Rxe2 {0-1 (36) Stremavicius,T (2432)-Nakamura,H (2781) chess.com INT 2018}) 20. Rc2 $146 ({Predecessor:} 20. Rfe1 Rc6 21. h3 Rfc8 22. Rc2 {½-½ (34) Bellegotti,G (2415)-Baiocchi,G (2466) ICCF email 2016}) 20... Rc6 21. Rfc1 Rfc8 22. Qd3 Qc7 23. Ne1 Qd6 24. h3 e5 25. d5 R6c7 26. Qf5 Qa3 27. Be3 (27. Qf3 $11 Qxf3 28. gxf3) 27... Qa4 (27... e4 $17) 28. Qd3 $11 {The position is equal.} Nc5 29. Bxc5 Rxc5 30. Qb3 Qxb3 31. axb3 a5 32. Nd3 R5c7 33. Nxe5 {Black must now prevent Nc6.} Nxd5 $1 34. Rd2 Nf4 {...Re7 is the strong threat.} 35. Rcd1 Ne6 36. Nd7 Rb7 37. Rd5 a4 38. bxa4 Rxc4 39. Rb1 Rxa4 40. Rxb6 Rxb6 (40... Rc7 {with more complications.} 41. g3 Rc1+ 42. Kg2 Raa1 43. Rb8+ Kh7) 41. Nxb6 {KRN-KRN} Ra1+ 42. Kh2 Ra2 43. Kg3 Ra3+ 44. Kh2 Ra2 45. Kg3 Ra3+ 46. Kh2 {Precision: White = 53%, Black = 71%.} 1/2-1/2

[Event "QCD-Prof Lim Kok Ann GM 2018"]
[Site "Singapore"]
[Date "2018.06.10"]
[Round "6"]
[White "Munkhgal, Gombosuren"]
[Black "Lee, Qing Aun"]
[Result "1-0"]
[WhiteElo "2435"]
[BlackElo "2339"]
[Annotator "TA"]
[PlyCount "107"]
[EventDate "2018.06.12"]
[EventType "tourn"]
[SourceTitle "playchess.com"]
[Source "ChessBase"]
[SourceQuality "1"]

{[%evp 22,107,23,36,74,77,67,75,76,35,66,48,93,55,96,96,106,118,243,158,263,255,262,254,264,262,301,302,291,279,298,260,256,256,255,260,262,247,277,235,315,315,389,384,371,361,376,312,412,410,520,528,516,459,533,527,516,515,575,543,533,515,500,467,604,491,583,541,751,733,806,811,797,782,849,858,1006,1000,1025,983,1604,1208,29981,29981,7216,950,6395,1099]} 1. d4 Nf6 2. Nf3 e6 3. Bf4 d5 4. e3 c5 5. c3 Nc6 6. Nbd2 Bd6 7. Bg3 Bxg3 8. hxg3 Qd6 9. Bb5 Bd7 {D02: Damenbauernspiele} 10. Bxc6 Bxc6 11. Ne5 Nd7 (11... Qc7 12. Qf3 h6 13. Qf4 Qe7 14. g4 Nh7 15. Qg3 Rg8 16. O-O Nf6 17. Rac1 {1-0 (29) Carlsen,M (2857)-Ghaem Maghami,E (2566) Baku 2016}) 12. Ndf3 {LiveBook: 6 Partien} f6 13. Ng6 $1 {[%cal Rg6h8]} Rg8 14. Rxh7 O-O-O 15. Rh5 $146 ({Vorgänger:} 15. Qc2 Rde8 16. O-O-O Bb5 17. b3 {0-1 (41) Umetsubo,C (2374)-Matsuura,E (2486) Blumenau 2015}) 15... Rge8 16. Qc2 e5 17. O-O-O {Droht Sfh4 und aus.} e4 {[#]} 18. Nfh4 $1 $36 {[%cal Rh4f5][%mdl 2048] Droht stark Sf5. Schwarz muss aufpassen.} Qe6 19. Nf5 {Schwarz muss nun c4 beachten.} Kb8 (19... cxd4 $16 {war nötig.} 20. cxd4 Kb8) 20. Qe2 Qf7 {[#]} (20... Rg8 $16 21. Nf4 Qf7) 21. Qg4 $1 $18 Nf8 22. Nxf8 Rxf8 23. Rh7 ({Schwächer ist} 23. Nxg7 Rg8 $14) (23. dxc5 g6 $11) 23... Bd7 24. Rxg7 Qe6 25. Qf4+ (25. dxc5 Qxf5 26. Qxf5 Bxf5 $11) 25... Ka8 26. g4 ({Minderwertig wäre} 26. dxc5 Qxf5 27. Qxf5 Bxf5 $11) 26... Qa6 27. Qd6 ({Nicht} 27. dxc5 Qxa2 28. Rxd7 Qa1+ 29. Kc2 Qa4+ 30. Kd2 Rxd7 $11) 27... Bc6 28. Qxc5 Qxa2 {Droht ...Da1+.} 29. Qa3 Qc4 30. Ne7 Ba4 {[#]} 31. Nxd5 $1 {[%mdl 512]} Rh8 (31... Qxd5 32. Qxa4) 32. Rc7 {[%cal Bg7c7,Bc7c5,Bc5f5][%mdl 32]} Qxd5 33. Qxa4 Kb8 34. Rc5 Qe6 35. Rf5 Rd6 36. d5 Qe7 37. Qb4 Re8 38. Rd4 Qd7 39. Rxe4 Rc8 40. Rc4 Rh8 41. Rh5 Rd8 42. Re4 Qc7 43. Kc2 a5 44. Qa4 Rb6 45. Re8 Rxe8 46. Qxe8+ {[%mdl 4096] Endspiel KDT-KDT} Ka7 47. Rh8 {[%csl Gh8][%cal Re8a8]} Rd6 48. Qb5 b6 49. e4 Qg7 50. Qe8 {[%csl Gh8][%cal Re8a8]} Ka6 51. c4 {Und weiter mit b4! wäre nett.} Rd7 52. Qc8+ Rb7 53. Re8 Qh7 54. Qf5 {Precision: Weiß = 75%, Schwarz = 34%.} 1-0

[Event "QCD-Prof Lim Kok Ann GM 2018"]
[Site "Singapore"]
[Date "2018.06.10"]
[Round "6"]
[White "Gong, Qianyun"]
[Black "Liu, Xiangyi"]
[Result "1-0"]
[WhiteElo "2300"]
[BlackElo "2449"]
[Annotator "TA"]
[PlyCount "123"]
[EventDate "2018.06.12"]
[EventType "tourn"]
[SourceTitle "playchess.com"]
[Source "ChessBase"]
[SourceQuality "1"]

{[%evp 15,123,20,14,11,22,9,16,8,8,8,4,10,8,15,20,0,31,-11,0,0,0,-27,-27,-26,-27,-47,-43,-57,-51,-68,-12,-20,-15,-106,-100,-90,-95,-112,-41,-83,-18,-22,-16,-99,-13,-14,0,0,0,-108,-108,-144,-162,-233,-229,-212,-52,-45,-45,-59,-20,-33,0,-32,-42,-28,0,-19,0,-28,-20,-134,-116,-159,-59,-100,0,-153,-27,-44,0,-159,-143,-528,-527,-504,-515,-1042,-1037,-1024,-1019,-985,-981,-970,-933,-935,-331,-1534,-124,-1081,35,25,37,31,143,149,137,139,533,525]} 1. e4 e6 2. d4 d5 3. exd5 exd5 4. Nf3 Bd6 5. Bd3 Bg4 6. O-O Nc6 7. Re1+ Nge7 8. c3 Qd7 {LiveBook: 112 Partien} 9. h3 {C01: Französische Verteidigung (Abtauschvariante)} (9. Nbd2 f6 10. b4 O-O 11. Nf1 Rae8 12. a4 Ng6 13. Ne3 Be6 14. g3 Nce7 15. Ra2 Nf5 16. Ng2 Bf7 17. Rae2 Rxe2 18. Rxe2 Re8 {½-½ (40) Leko,P (2731)-Morozevich,A (2724) Sochi 2014}) 9... Bf5 10. Bxf5 Qxf5 11. Nh4 $146 {Die Stellung ist ausgeglichen.} ({Vorgänger:} 11. b3 O-O 12. c4 Ng6 13. Nc3 Bb4 14. Bd2 Bxc3 15. Bxc3 Rfe8 16. Qd2 Nf4 17. Re3 Re4 18. Rxe4 dxe4 19. Ne1 Nxd4 20. Bxd4 Rd8 21. Kf1 Ne6 {1-0 (21) Hudak,D (2160)-Jansen,J (2395) ICCF corr 1998}) 11... Qf6 12. Qh5 {Und weiter mit Lg5 wäre nett.} h6 13. Nf5 {zielt auf Te6 ab.} O-O-O $132 {[%mdl 2048] Schwarz has counterplay} 14. Nxd6+ Rxd6 15. Nd2 Re6 16. Qg4 (16. Rxe6 {with more complications.} Qxe6 17. Nf1 g6 18. Qf3 Qf5 19. Qe2) 16... Nf5 17. Rxe6 Qxe6 18. Nf3 h5 19. Qf4 f6 20. Qd2 g5 21. Qe1 Qd7 22. Nh2 {[#]} g4 $1 {[%mdl 512]} 23. hxg4 $11 hxg4 24. Bf4 (24. Nxg4 $11 Nfxd4 25. Qd1) 24... Qh7 $1 $17 25. f3 gxf3 26. Nxf3 Kd7 (26... Nd8 $17 27. Kf2 Qh5) 27. Rd1 Qg6 (27... Nd8 $1 $17 28. Qd2 Ne6) 28. Qe2 $11 Re8 29. Qb5 (29. Qf1 $11) 29... Kc8 (29... Qg4 $1 $17 {[%cal Rg4f4]} 30. Rf1 (30. Qxd5+ $2 Kc8 $19) 30... Qxf4 31. Ne5+ fxe5 32. Rxf4 exf4 33. Qxd5+ Nd6) 30. Re1 Re4 31. Rxe4 $1 dxe4 32. Ne1 (32. Nd2 $11) 32... Qg4 $17 33. Qf1 {[#]} Nce7 $1 34. Nc2 (34. Qf2 $142) 34... Nd5 $19 35. Bd2 Nh4 $2 (35... Ng3 $19 36. Qe1 f5) 36. Ne3 $15 Nxe3 37. Bxe3 f5 38. Kh2 c6 39. g3 Nf3+ 40. Kg2 Nh4+ 41. Kh2 Nf3+ 42. Kg2 Qh5 {[%csl Gf3][%cal Rh5h2]} 43. Kf2 (43. Qh1 $11 {hält das Gleichgewicht.} Qxh1+ 44. Kxh1) 43... Kd7 44. Bf4 Nh2 (44... b5 $17 45. Qg2 a5) 45. Qg2 Nf3 (45... Ke7 $142) 46. Qf1 $1 $17 Qh2+ ({Lieber} 46... b5 $17 47. Qg2 Ke6) 47. Qg2 $11 Qh5 (47... Qxg2+ $15 48. Kxg2 Ne1+ 49. Kf1 Nd3) 48. Qf1 $1 $17 a6 49. Ke3 $2 {[%mdl 8192]} (49. Qg2 $17 {ist zäher.}) 49... Qh2 $19 {[%csl Gf3][%cal Rh2d2]} 50. Qc1 Qg2 51. Bb8 (51. Qd1 $142 Qxb2 52. Be5) 51... Nh2 {Und ...Df3+ würde nun gewinnen.} 52. Qd1 Ng4+ 53. Kf4 e3 54. Qb3 Qe4+ 55. Kg5 b5 $2 (55... Qe7+ 56. Kxf5 e2 57. Qxb7+ Kd8 58. Qb6+ Ke8 59. Qxc6+ Qd7+ 60. Qxd7+ Kxd7 61. Kxg4 e1=Q) 56. Bf4 $2 (56. Qf7+ Qe7+ 57. Qxe7+ Kxe7 58. Bf4) 56... e2 $2 (56... Qe7+ $19 {und Schwarz behält klar die Oberhand.} 57. Kxf5 e2) 57. Bd2 $2 {[%mdl 8192]} (57. Qf7+ $17 Qe7+ 58. Qxe7+ Kxe7 59. Bd2) 57... Nh2 $2 ({Besser ist} 57... Qe7+ $19 58. Kf4 {[#]} Ne3 $1 {[%mdl 512]}) 58. Qf7+ $14 Kc8 59. Qg8+ Kb7 ({Günstiger ist} 59... Kd7 $1 $14 60. Qh7+ Ke6 61. Qxh2 Qg4+ 62. Kh6 f4) 60. Qh7+ $16 Kb6 61. Qxh2 {Schwarz muss nun Dh8 beachten.} Qg4+ $2 {[%mdl 8192]} (61... e1=R $16 {ist eine bessere Chance.} 62. Bxe1 Qxe1 63. Kxf5 Qb1+ 64. Kf6 Qxa2) 62. Kf6 {Precision: Weiß = 43%, Schwarz = 26%.} 1-0

[Event "QCD-Prof Lim Kok Ann GM 2018"]
[Site "Singapore"]
[Date "2018.06.11"]
[Round "7"]
[White "Batchuluun, Tsegmed"]
[Black "Gareyev, Timur"]
[Result "1-0"]
[WhiteElo "2561"]
[BlackElo "2611"]
[Annotator "TA"]
[PlyCount "125"]
[EventDate "2018.06.12"]
[EventType "tourn"]
[SourceTitle "playchess.com"]
[Source "ChessBase"]
[SourceQuality "1"]

{[%evp 13,125,20,16,8,16,26,30,22,23,2,4,0,0,0,0,0,0,11,34,28,20,25,88,27,65,43,112,99,92,101,93,77,151,141,193,193,187,174,168,184,181,33,33,0,7,0,0,0,33,33,59,15,15,22,54,33,66,66,91,98,85,90,87,81,77,77,89,54,54,54,54,54,93,82,60,52,56,8,8,8,74,74,75,75,75,75,149,149,149,149,149,149,149,149,149,150,379,373,332,46,60,0,291,291,29970,29972,29973,8,29979,29980,29980,29981,29981,29982]} 1. d4 g6 2. e4 Nf6 3. Nc3 d5 4. exd5 Nxd5 5. Nxd5 Qxd5 6. Nf3 Bg7 7. Be2 c5 {LiveBook: 3 Partien. B02: Aljechin-Verteidigung (Jagdvariante)} 8. Be3 Nc6 {[%cal Rc5d4]} 9. c4 Qd6 {[%cal Rc5d4] Weiß hat minimalen Vorteil.} 10. d5 $146 ({Vorgänger:} 10. dxc5 Qxd1+ 11. Rxd1 Bxb2 12. O-O O-O 13. Nd4 Bxd4 14. Bxd4 Nxd4 15. Rxd4 {0-1 (57) Daurer,W (2051)-Wohl,A (2417) Munich 2009}) 10... Ne5 11. Nxe5 Bxe5 12. Qd2 O-O 13. f4 Bf6 14. O-O Bf5 15. Rad1 Rfc8 16. b3 a5 17. a4 Ra6 (17... Qb6 $11 {bleibt in der Remisbreite.}) 18. Bd3 (18. g4 $1 $16 {[%cal Rg4f5]} Be4 19. Bf3 Bxf3 20. Rxf3) 18... Bg4 19. Rde1 Qd7 (19... e6 $14) 20. h3 Bf5 21. Bxf5 $1 gxf5 22. Rf3 Kh8 (22... Rd6 $142) 23. Kh2 Qc7 (23... e6 $16) 24. Qc2 $18 e6 25. Bc1 exd5 26. cxd5 Qd7 {[#]} 27. Rd1 (27. Bb2 $1 $18 {[%cal Rb2f6] Droht stark Lxf6+.} Bd4 28. Rc1 Bxb2 29. Qxb2+ f6 30. Rd1) 27... Rd6 $1 $14 28. Bb2 Bd4 $1 29. Rfd3 Rxd5 30. Qd2 Rd8 31. Qxa5 Qd6 32. Bxd4+ cxd4 33. Qd2 Qc7 34. Qf2 {[%cal Rd3d4]} Qc5 35. Qh4 {jetzt Df6+ und aus.} Qc6 36. Qe7 Rg8 37. R1d2 f6 38. Rc2 Qd6 ({Und nicht} 38... Qxc2 39. Qxf6+ Rg7 40. Rg3 Qxg2+ 41. Rxg2 Rdd7 42. Qf8+ Rg8 43. Rxg8#) 39. Qxd6 ({Doch nicht} 39. Qxb7 Qxf4+ 40. g3 Qe5 $11) 39... Rxd6 $16 {[%mdl 4096] Endspiel KTT-KTT} 40. Rc7 b6 41. Rc4 Rgd8 42. Kg3 R8d7 43. Kf3 h5 44. Rb4 Kg7 45. g4 fxg4+ 46. hxg4 h4 {[#]} (46... hxg4+ $11 47. Kxg4 Kf7) 47. Kg2 $1 f5 48. Kh3 fxg4+ 49. Kxh4 Rg6 ({Günstiger ist} 49... Kf7 50. Kxg4 Kf6) 50. Rbxd4 Rxd4 51. Rxd4 {zielt auf Td7+ ab. KT-KT} g3 52. Rd7+ Kf8 53. Rd1 g2 54. Rg1 Kf7 $2 (54... Ke7 $16 {kämpft weiter.} 55. Kh3 Rf6) 55. Kh3 $18 Rf6 56. Kg4 $2 ({Nicht} 56. Rxg2 Rxf4 57. Rg3 Rd4 $16) (56. Kxg2 $18 {Kf3 ist eine echte Drohung.} Rc6 57. Kh3) 56... Rg6+ $1 $14 57. Kh3 $2 (57. Kf3 $14) 57... Rf6 $18 58. Kxg2 Rxf4 $2 (58... Rd6 $18 59. Kh3 Rh6+ 60. Kg3 Rd6) 59. Rf1 Rxf1 60. Kxf1 Kf8 $2 {[%mdl 8192]} (60... Ke6 $11) 61. Ke2 {Weiß setzt Matt.} Ke7 62. Kd3 Kd7 63. Kc4 {Precision: Weiß = 51%, Schwarz = 36%.} 1-0

[Event "QCD-Prof Lim Kok Ann GM 2018"]
[Site "Singapore"]
[Date "2018.06.11"]
[Round "7"]
[White "Nguyen, Anh Dung"]
[Black "Munkhgal, Gombosuren"]
[Result "1/2-1/2"]
[WhiteElo "2465"]
[BlackElo "2435"]
[Annotator "TA"]
[PlyCount "66"]
[EventDate "2018.06.12"]
[EventType "tourn"]
[SourceTitle "playchess.com"]
[Source "ChessBase"]
[SourceQuality "1"]

{[%evp 9,66,37,84,7,10,4,28,24,56,14,0,0,0,-7,-7,-7,0,-13,16,12,14,0,33,34,26,29,28,31,33,33,33,30,43,8,8,8,12,12,37,0,0,0,0,0,0,0,0,0,0,0,0,0,0,0,0,0,0,0,0]} 1. d4 Nf6 2. c4 e6 3. Nc3 Bb4 4. Qc2 b6 5. e4 c5 {[#]} 6. d5 {E32: Nimzo-Indian: Classical (4 Qc2): 4...0-0} (6. e5 $1 $16) 6... Qe7 $11 (6... exd5 7. exd5 Qe7+ 8. Nge2 O-O 9. Bd2 d6 10. O-O-O Ng4 11. Be1 Nd7 12. Ng3 Ndf6 13. h3 Ne5 {1-0 (35) Zhou,J (2597)-Wei,Y (2743) Shenzhen 2017}) 7. Be2 {With the idea e5.} exd5 (7... d6 {looks sharper.} 8. Nf3 O-O 9. O-O Bxc3 10. bxc3 exd5 11. exd5 Bg4) 8. exd5 {White has an edge.} Qe4 9. Qxe4+ (9. Qd2 {feels hotter.} Bxc3 10. Qxc3 d6 11. Nf3 O-O 12. Bg5) 9... Nxe4 10. Bd2 Bxc3 11. Bxc3 Nxc3 12. bxc3 d6 13. Bd3 O-O $146 ({Predecessor:} 13... Nd7) 14. Kd2 Nd7 15. Nf3 f6 (15... Re8 {keeps more tension.} 16. a4 a5 17. Rab1 Rb8 18. h3 h6) 16. a4 Ne5 17. Nxe5 fxe5 18. f3 Rb8 19. Rhb1 Rb7 20. a5 bxa5 21. Rxb7 Bxb7 22. Rxa5 {[%mdl 4096] Endgame KRB-KRB} Ra8 23. Bf5 Kf7 24. Bd7 ({Reject} 24. Bxh7 g6 $17) 24... Ke7 {The position is equal.} 25. Bc6 Bxc6 26. dxc6 {KR-KR} a6 27. Ke3 Kd8 28. Ke4 $1 Kc7 29. Kd5 e4 $1 {[%cal Re4e3]} 30. Kxe4 Kxc6 31. f4 Re8+ 32. Kd3 Kb6 33. Ra1 a5 {Precision: White = 74%, Black = 81%.} 1/2-1/2

[Event "QCD-Prof Lim Kok Ann GM 2018"]
[Site "Singapore"]
[Date "2018.06.11"]
[Round "7"]
[White "Liu, Xiangyi"]
[Black "Tin, Jingyao"]
[Result "1/2-1/2"]
[WhiteElo "2449"]
[BlackElo "2445"]
[Annotator "TA"]
[PlyCount "146"]
[EventDate "2018.06.12"]
[EventType "tourn"]
[SourceTitle "playchess.com"]
[Source "ChessBase"]
[SourceQuality "1"]

{[%evp 9,146,-27,0,8,7,0,0,-6,-16,-46,-39,-27,-18,-8,-12,-18,-12,-7,-5,-16,-8,-22,-6,-22,-6,-9,-12,-13,0,0,0,0,0,0,0,0,0,0,0,-15,-7,-14,0,0,0,0,0,0,0,0,0,0,0,0,0,0,1,0,0,0,0,0,0,0,0,0,0,0,0,0,0,0,0,0,18,0,5,0,14,0,4,0,0,0,0,0,6,5,5,0,0,0,0,0,0,0,0,0,0,0,18,18,22,22,62,0,0,0,0,0,0,0,0,0,0,0,0,0,0,0,0,0,0,0,0,0,0,0,0,0,0,0,0,0,0,0,0,0,0]} 1. f4 d5 2. Nf3 Nf6 3. g3 Bg4 4. Bg2 Nbd7 {[%cal Bb8d7,Bd7e5,Be5f3][%mdl 32]} 5. d3 (5. O-O c6 6. d3 Bxf3 7. Bxf3 e5 8. e4 dxe4 9. dxe4 Qc7 10. Qe2 O-O-O 11. f5 h5 12. Nd2 g5 {½-½ (51) Czakon,J (2479)-Vallejo Pons,F (2705) Wroclaw 2014}) 5... Bxf3 6. Bxf3 {A03: Bird's Opening with 1...d5} e5 7. Nc3 Bb4 8. O-O c6 9. fxe5 $146 ({Predecessor:} 9. e3 Qe7 10. Bg2 O-O {1-0 (40) Tu,H (2420)-Bedgarani,I Moscow 1994}) 9... Nxe5 10. Bg5 Be7 11. d4 Nxf3+ 12. exf3 O-O 13. Qd3 h6 14. Be3 Re8 15. Rae1 Nh7 {[%cal Bf6h7,Bh7f8,Bf8e6][%mdl 32]} 16. Re2 Nf8 17. Rfe1 Bb4 18. Bd2 Ne6 19. Nd1 Bf8 20. f4 Nc7 21. Nf2 Qd7 22. f5 Rxe2 23. Rxe2 Re8 24. Rxe8 Nxe8 25. Kg2 Nd6 26. g4 $1 Be7 27. Bf4 Bh4 28. Bxd6 Qxd6 29. Qe3 Kf8 30. Nd3 Bd8 31. Qe5 (31. Ne5 {is more complex.} Bc7 32. c3 c5 33. a3 cxd4 34. cxd4 Kg8 35. h3) 31... Bc7 32. Qxd6+ Bxd6 $11 {[%mdl 4096] Endgame KB-KN} 33. h4 g6 34. Kf3 gxf5 35. gxf5 Ke7 36. Kg4 Kf6 37. h5 Ke7 38. Nf4 Bb4 39. c3 Bd6 40. Kf3 Kd7 (40... Kf6 $5 41. Kg4 $8 a5 $11) 41. Nd3 Be7 42. Kg4 Bf6 43. Kf4 Kd6 44. Ne5 Ke7 45. Nd3 Bg5+ 46. Kg4 Bd2 47. Kf3 a5 48. Ke2 Bg5 49. Kf3 Kd6 50. Ne5 Ke7 51. Nd3 Bf6 52. Nc5 b6 53. Na4 b5 54. Nc5 b4 55. Nd3 bxc3 56. bxc3 a4 57. a3 (57. Nc5 $14) 57... Bg5 {The position is equal.} 58. Nb2 Bc1 59. Nxa4 Bxa3 60. Nb6 Bb2 61. Na4 Bc1 62. Nb6 Bb2 63. Na4 Bc1 64. Nb6 Bd2 65. c4 Ba5 66. c5 Bc3 67. Ke3 Kd8 68. Na4 Ba5 69. Nb2 Ke7 70. Nd3 {[#] And now Ne5 would win.} Bc7 71. Nb4 Kd7 72. Nd3 Ke7 73. Nb4 Kd7 {Precision: White = 68%, Black = 65%.} 1/2-1/2